| 000 | 00597cam a2200205 a 4500 | ||
|---|---|---|---|
| 001 | 11991757 | ||
| 005 | 20240306040653.0 | ||
| 008 | 000302s1999 ce b 001 0 eng | ||
| 020 | _a955580043X | ||
| 040 |
_aDLC _cDLC _dDLC |
||
| 082 |
_222 _a323.334 _bWOM. |
||
| 245 | 0 | 0 |
_aWomen and politics in Sri Lanka : _ba comparative perspective / _cedited by Sirima Kiribamune. |
| 250 | _a1st. | ||
| 260 |
_aKandy : _bInternational Centre for Ethnic Studies, _c1999. |
||
| 300 | _aviii, 287 p. ; | ||
| 650 | 0 | _aWomen | |
| 650 | 0 | _aWomen in development | |
| 700 | 1 |
_aKiribamune, Sirima. _eedt |
|
| 942 | _cL | ||
| 999 |
_c547 _d547 |
||